LEADER 01003nam0 2200289 450 001 000024505 005 20090202161841.0 100 $a20090202d1960----km-y0itaa50------ba 101 0 $aita 102 $aIT 200 1 $aChe cos'é la letteratura?$fJean-Paul Sartre$gtraduzioni di Domenico Tarizzo [et al.] 210 $aMilano$c<> Saggiatore$d1960 215 $aX, 365 p.$c22 cm 225 1 $a<> cultura$v7 410 0$12001$a<> cultura$v7 606 1 $aLetteratura 676 $a804$v(21. ed.)$9Letteratura. Saggi 700 1$aSartre,$bJean Paul$0120759 702 1$aTarizzo,$bDomenico 801 0$aIT$bUniversità della Basilicata - B.I.A.$gRICA$2unimarc 912 $a000024505 996 $aChe cos'é la letteratura$91528286 997 $aUNIBAS BAS $aLETTERE CAT $aEXT10$b01$c20090202$lBAS01$h1618 FMT Z30 -1$lBAS01$LBAS01$mBOOK$1BASA1$APolo Storico-Umanistico$2FMAS$BFondo Masini$3FMas/817/1257$6817/1257$5B817/1257$820090202$f04$FPrestabile Didattica